Responses for Show #4481 - Monday, February 16, 2004

2004 Teen Tournament semifinal game 1.

Contestants

[<< previous game]

Chris Holden, a senior from Carlisle, Pennsylvania

Muhammad Meigooni, a senior from Springfield, Illinois

Kerry Lambeth, a senior from Tualatin, Oregon

[next game >>]

Jeopardy! Round responses

SHAKESPEARE 101
SANDWICHES
NOT OUR CONSTITUTION
READ THE MAP
TV TEEN DRAMAS
AN ABBREVIATED CATEGORY
    $200 6
Elizabeth I

Kerry
    $200 10
Subway

Chris
    $200 12
a religion

Chris
    $200 2
Mount Everest

Muhammad
    $200 14
Dawson's Creek

Kerry
    $200 17
Franklin Delano Roosevelt

Chris
    $400 7
Othello

Kerry
    $400 11
(Muhammad: What is Chicago?)

New Orleans

Muhammad
Triple Stumper
    $400 13
Mexico

Kerry
    $400 3
(Muhammad: What is a rest area?)

a campground

MuhammadChris
    $400 15
Gilmore Girls

Chris
    $400 18
West by Northwest

Kerry
    $600 8
Shylock

Kerry
    $600 25
a club

Muhammad
    $600 28
50

Chris
    $600 4
a cape

Triple Stumper
    $600 19
The Daily Planet

Kerry
    $600 22
(Kerry: What is defense attorney?)
...
(Alex: [*] to prosecute.)

a district attorney

KerryChris
    $800 9
Verona

Kerry
    $800 26
provolone

Muhammad
    $800 29
[ERRATUM: Alex reads ";-)" as "a winky".]

Cuba

Chris
    $800 5
(Muhammad: What is a line of longitude?)

a county line

Muhammad
Triple Stumper
    $800 20
7th Heaven

Muhammad
    $800 23
"to whom it may concern"

Kerry
    $1000 1
Puck

Muhammad
    $1000 27
a cucumber

Kerry
    $1,000 30
Japan

Chris
    $1000 16
Paris

Muhammad
    $1000 21
(Muhammad: What is The O.C.?)
(Kerry: What is Everwood?)

One Tree Hill

KerryMuhammad
Triple Stumper
    $1000 24
a surface-to-air missile

Muhammad

Scores at the first commercial break (after clue 15):

Kerry Muhammad Chris
$2,600 -$400 $1,200

Scores at the end of the Jeopardy! Round:

Kerry Muhammad Chris
$3,800 $2,800 $4,400

Double Jeopardy! Round responses

U.S. HISTORY
YOUR PARENTS' DATE MOVIES
TECH TOPICS
SOMETHING'S FISHY HERE
LITERARY CHARACTERS
STARTS & ENDS WITH "N"
    $400 6
a canal

Kerry
    $400 14
"Grease"

Kerry
    $400 1
(Kerry: What are minutes?)
(Muhammad: What is their cell phone?)
...
(Alex: It allows them to keep their same [*]. In the past, when you changed carriers, you lost your number.)

telephone number

KerryMuhammad
Triple Stumper
    $400 13
trout

Kerry
    $400 7
"The Red Badge of Courage"

Muhammad
    $400 19
noon

Muhammad
    $800 12
Martin Luther King, Jr.

Muhammad
    $800 15
a disease

Kerry
    $800 2
the Xbox

Muhammad
    $800 17
a bass

Muhammad
    $800 8
Willy Loman

Kerry
    $800 20
a noun

Chris
    $1200 21
Richmond

Muhammad
    $1200 16
James Bond

Muhammad
    $1200 3
high definition

Muhammad
    $1200 18
(Muhammad: What is a marlin?)

a shark

Muhammad
Triple Stumper
    $1200 9
"David Copperfield"

Triple Stumper
    $1200 22
a nun

Chris
    $2,000 23
the Oregon Trail

Chris
    $1600 27
"Close Encounters of the Third Kind"

Chris
    $1600 4
[ERRATUM: The clue was spelled as "I-pod" instead of the more common "iPod".]

iTunes

Chris
    $1600 29
a clownfish

Muhammad
    $1600 10
Santiago

Muhammad
    $1600 25
nutrition

Kerry
    $2000 24
the War of 1812

Chris
    $2000 28
Robert Redford

Chris
    $1,500 5
(Chris: What is a stylus?)

Graffiti

Chris
    $2000 30
(Muhammad: What is a swordfish?)

a sailfish

Muhammad
Triple Stumper
    $2000 11
Boo

Chris
    $2000 26
(Muhammad: What is nitrogen &...[time's up]?)

neon & nitrogen

MuhammadChris

Scores at the end of the Double Jeopardy! Round:

Kerry Muhammad Chris
$7,800 $7,200 $18,100
(lock game)

[wagering suggestions for these scores]

Final Jeopardy! Round responses

JOBS
(Alex: No, we're talking about [*]. They both sign their names a number of times, and then they pick one, and it gets engraved on [Alex pulls some money from his pocket]... your money.)
MuhammadWhat is the President Pro Tempore?
$7,000
KerryWhat be President of the United States?
$7,800
ChrisWhat is a Supreme Court Justice?
$500
U.S. Treasurer or U.S. Treasury Secretary

Final scores:

Kerry Muhammad Chris
$0 $200 $17,600
3rd place: $5,000 2nd place: $5,000 Finalist

Game dynamics:

Coryat scores:

Kerry Muhammad Chris
$7,800 $7,200 $19,200
16 R,
3 W
17 R,
8 W
18 R
(including 2 DDs),
1 W
(including 1 DD)

Combined Coryat: $34,200

[game clues] [game scores] [suggest correction]

Game tape date: 2003-12-16
The J! Archive is created by fans, for fans. Scraping, republication, monetization, and malicious use prohibited; this site may use cookies and collect identifying information. See terms. The Jeopardy! game show and all elements thereof, including but not limited to copyright and trademark thereto, are the property of Jeopardy Productions, Inc. and are protected under law. This website is not affiliated with, sponsored by, or operated by Jeopardy Productions, Inc. Join the discussion at JBoard.tv.